00636nam a2200181 a 450000500170000000800410001702000180005805000180007610000220009424501020011626000500021830000210026844000110028965000120030065000130031299900190032595201100034420140412111228.0010529s19uu xx 00 eng d a1-57064-079-3 aERbBa26 1996 aBernthal, Mark S. aBarney's: number friends /cadapted from a poem by Mark S. Bernthal; illustrated by Darren McKee. aDrive Allen, Texas :bThe Lyons Group,c1996. a1v. (unp.); ill. aBarney aNumbers aCounting c102084d102084 00104050aELbELcERd2001-05-29eDonationl0oER Ba26 1996pE0483r2014-04-12 00:00:00w2014-04-12yBK